| Поле | Инд. | ПП | Название | Значение |
|---|---|---|---|---|
| Тип записи | a | |||
| Библиографический уровень | m | |||
| 001 | Контрольный номер | 01380d6b-7eac-4012-9ac4-0ef70fe7bc32 | ||
| 005 | Дата корректировки | 20131111191654.1 | ||
| 008 | Кодируемые данные | 950630s1995 rur 00000 rus d | ||
| 020 | c | Цена, тираж | 1000.00 | |
| 080 | a | Индекс УДК | 539.1(075.8) | |
| 084 | a | Индекс другой классификации/Индекс ББК | В38я731-1 | |
| 090 | c | Каталожный индекс | В38я731-1 | |
| x | Авторский знак | М21 | ||
| a | Полочн. индекс | 539 | ||
| 100 | 1_ | a | Автор | Маляров Владимир Владимирович |
| 245 | 0_ | a | Заглавие | Основы теории атомного ядра |
| b | Продолж. заглавия | Учеб. пособие для физ.-техн. вузов и фак. | ||
| c | Ответственность | В.В. Маляров | ||
| 260 | 0_ | a | Место издания | Москва |
| b | Издательство | Физматгиз | ||
| c | Дата издания | 1959 | ||
| 300 | a | Объем | 471 с. | |
| b | Иллюстрации/ тип воспроизводства | ил. | ||
| 500 | a | Примечание | Библиогр.: с.458-466. | |
| 583 | a | Действие | Приписка 359 17.11.97 | |
| k | Исполнитель действия | Городецкий А.А. | ||
| 650 | a | Основная рубрика | Ядерная физика | |
| x | Основная подрубрика | Учебники для вузов | ||
| 653 | a | Ключевые слова | Ядерная физика | |
| a | Ключевые слова | Атомное ядро | ||
| a | Ключевые слова | Учебники | ||
| 852 | t | Порядковый номер экземпляра | 1 | |
| p | Инвентарный номер | 689750 | ||
| 888 | a | За наличные | ||
| 930 | a | Новая/Ретро | Учебники | |
| 952 | p | 359 1000.00 1 689750 | ||
| c | Вид литературы | К ру | ||
| 954 | a | Дата поступления на обработку | 19971202 | |
| 999 | a | Подразделение 2 | Фил3 |